| 000 | 00580cam a22001818a 4500 | ||
|---|---|---|---|
| 020 | _a0803109490 | ||
| 040 | _cDLC | ||
| 082 | _a620 AST 1988 A043 Or. | ||
| 245 | 1 | 0 |
_aFracture mechanics : _beighteenth symposium : eighteenth National Symposium on Fracture Mechanics / |
| 260 |
_aPhiladelphia, PA : _bASTM, _c1988. |
||
| 300 |
_a1117 p. : _bill. ; _c24 cm. |
||
| 500 | _a"ASTM publication code number (PCN) 04-945000-30." | ||
| 650 | 0 | _aFracture mechanics | |
| 700 | 1 | _aRead, D. T. | |
| 700 | 1 | _aReed, R. P. | |
| 710 | 2 | _aASTM Committee E-24 on Fracture Testing. | |
| 942 | _cEK | ||
| 999 |
_c12594 _d12594 |
||